Case Of Treatment in canine parvovirus by blood transfusions at animal clinic in battambang city battambang province, ករណីព្យាបាលជំងឺ PARVOVIRUS លើសុនខដោយការបញ្ចូលឈាម នៅគ្លីនិកសត្វក្រុងបាត់ដំបង ខេត្តបាត់ដំបង (Record no. 25683)

000 -LEADER
fixed length control field 00645nam a22001217a 4500
040 ## - CATALOGING SOURCE
Transcribing agency RUA
082 ## - DEWEY DECIMAL CLASSIFICATION NUMBER
Classification number DVM SOE 2025 B707 Or.1
100 ## - MAIN ENTRY--AUTHOR NAME
Personal name SOEM SOCHEAT, ស៊ឹម សុជាតិ
245 ## - TITLE STATEMENT
Title Case Of Treatment in canine parvovirus by blood transfusions at animal clinic in battambang city battambang province, ករណីព្យាបាលជំងឺ PARVOVIRUS លើសុនខដោយការបញ្ចូលឈាម នៅគ្លីនិកសត្វក្រុងបាត់ដំបង ខេត្តបាត់ដំបង
260 ## - PUBLICATION, DISTRIBUTION, ETC. (IMPRINT)
Place of publication PHNOM PENH
Name of publisher RUA
Year of publication 2025
300 ## - PHYSICAL DESCRIPTION
Number of Pages xi,43p.
Other physical details ill.
Dimensions 29cm.
942 ## - ADDED ENTRY ELEMENTS (KOHA)
Koha item type MGR
952 ## - LOCATION AND ITEM INFORMATION (KOHA)
Withdrawn status [LOCAL, KOHA] 0
952 ## - LOCATION AND ITEM INFORMATION (KOHA)
Withdrawn status [LOCAL, KOHA] 0
Holdings
Permanent Location Date acquired Koha item type Lost status Shelving location Barcode Current Location Full call number
Library Block B2026-04-07MGR B707B7121120Library Block ADVM SOE 2025 B707 Or.1
Library Block B2026-04-07MGR B707B7121048Library Block BDVM SOE 2025 B707 Or.2
មជ្ឈមណ្ឌលឯការនៃសាកលវិទ្យាល័យភូមិន្ទកសិកម្មចំការដូង

Powered by Koha